[Event "Gibtelecom Masters 8th"]
[Site "Gibraltar"]
[Date "2010.02.04"]
[Round "10.2"]
[White "Vallejo Pons, Francisco"]
[Black "Adams, Michael"]
[Result "1/2-1/2"]
[WhiteElo "2705"]
[BlackElo "2694"]
[PlyCount "75"]
[EventDate "2010.01.26"]
[EventType "swiss"]
[EventRounds "10"]
[EventCountry "GGB"]
[SourceDate "2005.02.07"]

1. e4 e5 2. Nf3 Nc6 3. Bb5 a6 4. Ba4 Nf6 5. O-O Be7 6. Re1 b5 7. Bb3 O-O 8. c3
d5 9. exd5 Nxd5 10. Nxe5 Nxe5 11. Rxe5 c6 12. Re1 Bd6 13. d4 Qh4 14. g3 Qh3 15Qe2 Bd7 16. Qf1 Qf5 17. Be3 Rae8 18. Nd2 Re7 19. a4 Rfe8 20. axb5 axb5 21. Qg2
h5 22. Nf3 Be6 23. Nh4 Qf6 24. Bd2 Nf4 25. Rxe6 Rxe6 26. gxf4 Qxh4 27. Bxe6
Rxe6 28. f5 Re4 29. h3 Bf4 30. Re1 Rxe1+ 31. Bxe1 Kh7 32. Kf1 Bc1 33. b3 Qf4
34. Qxc6 Qxf5 35. Kg2 Qg5+ 36. Kf1 Qf5 37. Kg2 Qg5+ 38. Kf1 1/2-1/2

[Event "Gibtelecom Masters 8th"]
[Site "Gibraltar"]
[Date "2010.02.04"]
[Round "10.3"]
[White "Bacrot, Etienne"]
[Black "Cramling, Pia"]
[Result "1-0"]
[WhiteElo "2713"]
[BlackElo "2528"]
[PlyCount "70"]
[EventDate "2010.01.26"]
[EventType "swiss"]
[EventRounds "10"]
[EventCountry "GGB"]
[SourceDate "2005.02.07"]

1. e4 c5 2. Nf3 e6 3. d4 cxd4 4. Nxd4 Nc6 5. Nc3 Qc7 6. Be2 a6 7. O-O Nf6 8Be3 d6 9. f4 Be7 10. Qe1 O-O 11. Qg3 Nxd4 12. Bxd4 b5 13. a3 Bb7 14. Rae1 Rad8
15. Kh1 Rd7 16. Bd3 Re8 17. Nd1 Qd8 18. Qh3 h6 19. Rf3 e5 20. Bc3 Bc8 21. Ne3
Rc7 22. Nf5 Bxf5 23. Qxf5 Rxc3 24. bxc3 Qc7 25. Ref1 Bf8 26. Rg3 Kh8 27. fxe5
Rxe5 28. Qf2 Be7 29. Qd4 Rc5 30. a4 bxa4 31. Qxa4 Ra5 32. Qb3 Kg8 33. Rgf3 Bd8
34. Rf5 d5 35. e5 Nd7 1-0

[Event "Gibtelecom Masters 8th"]
[Site "Gibraltar"]
[Date "2010.02.04"]
[Round "10.4"]
[White "Bindrich, Falko"]
[Black "Kamsky, Gata"]
[Result "0-1"]
[WhiteElo "2512"]
[BlackElo "2693"]
[PlyCount "126"]
[EventDate "2010.01.26"]
[EventType "swiss"]
[EventRounds "10"]
[EventCountry "GGB"]
[SourceDate "2005.02.07"]

1. Nf3 Nf6 2. c4 g6 3. Nc3 Bg7 4. e4 d6 5. d4 O-O 6. Be2 e5 7. dxe5 dxe5 8Qxd8 Rxd8 9. Bg5 c6 10. Nxe5 Re8 11. f4 Na6 12. O-O-O h6 13. Bh4 g5 14. Bg3 Nc5
15. Bf3 g4 16. Bf2 gxf3 17. Bxc5 fxg2 18. Rhg1 Nh5 19. Nd3 b6 20. Bd6 Bxc3 21bxc3 Rxe4 22. Rxg2+ Kh7 23. Ne5 Bh3 24. Rf2 f6 25. Nxc6 Rxc4 26. Ne7 Rxc3+ 27Kb2 Rc4 28. Rd3 Be6 29. Re3 Bd7 30. f5 Re8 31. Rd2 Ng7 32. Ba3 Ba4 33. Red3 Rc7
34. Rd4 Bb5 35. Rd5 a6 36. Ng6 Nxf5 37. Nf8+ Rxf8 38. Bxf8 Ne3 39. Rh5 Nc4+ 40Kc3 Nxd2+ 41. Kxd2 Rd7+ 42. Kc1 Kg8 43. Bxh6 Rh7 44. Rh4 Bd7 45. h3 b5 46. Rd4
Bxh3 47. Be3 Rc7+ 48. Kb2 Rc6 49. a4 Kf7 50. Rh4 Bf5 51. axb5 axb5 52. Rf4 Ke6
53. Bd4 Rc4 54. Ka3 Kf7 55. Kb3 Kg6 56. Be3 Rxf4 57. Bxf4 Bd7 58. Kc3 Kf5 59Bd6 Ke4 60. Kd2 f5 61. Bc5 f4 62. Kc3 Kf3 63. Kd2 Kg2 0-1

[Event "Gibtelecom Masters 8th"]
[Site "Gibraltar"]
[Date "2010.02.04"]
[Round "10.5"]
[White "Zhukova, Natalia"]
[Black "Fressinet, Laurent"]
[Result "1/2-1/2"]
[WhiteElo "2462"]
[BlackElo "2670"]
[PlyCount "79"]
[EventDate "2010.01.26"]
[EventType "swiss"]
[EventRounds "10"]
[EventCountry "GGB"]
[SourceDate "2005.02.07"]

1. d4 Nf6 2. c4 d6 3. Nc3 Nbd7 4. e4 e5 5. Nf3 g6 6. Be2 Bg7 7. O-O O-O 8. Re1
Re8 9. Bf1 c6 10. dxe5 dxe5 11. a3 a5 12. Rb1 Nc5 13. Qxd8 Rxd8 14. Be3 Nfd7
15. b4 Ne6 16. Red1 axb4 17. axb4 Ra3 18. Ne2 Re8 19. Bc1 Ra8 20. Bb2 b6 21Ra1 Rxa1 22. Rxa1 Bf8 23. b5 cxb5 24. cxb5 Bb7 25. Nxe5 Nxe5 26. Bxe5 Bc5 27Bf6 Nf8 28. Ra7 Bxe4 29. Nc3 Bf5 30. Nd5 Re1 31. Bc3 Rd1 32. Nf6+ Kg7 33. Ra1
Rxa1 34. Bxa1 Ne6 35. Nd7+ Kg8 36. g4 Bc2 37. Bc4 Ba4 38. Be5 Bd4 39. Bxd4 Nxd4
40. Nxb6 1/2-1/2

[Event "Gibtelecom Masters 8th"]
[Site "Gibraltar"]
[Date "2010.02.04"]
[Round "10.6"]
[White "Fridman, Daniel"]
[Black "Lenderman, Alex"]
[Result "0-1"]
[WhiteElo "2654"]
[BlackElo "2560"]
[PlyCount "96"]
[EventDate "2010.01.26"]
[EventType "swiss"]
[EventRounds "10"]
[EventCountry "GGB"]
[SourceDate "2005.02.07"]

1. d4 d5 2. c4 c6 3. Nc3 Nf6 4. Nf3 a6 5. a4 e6 6. g3 Nbd7 7. Bg2 Bb4 8. O-O a5
9. Nd2 b6 10. e4 dxc4 11. Nxc4 Ba6 12. Qb3 O-O 13. Rd1 Qe7 14. Na2 Rfd8 15. Bf4
h6 16. Rac1 Ne8 17. Nxb4 Qxb4 18. Qa2 Nc5 19. Nxb6 Qxb6 20. dxc5 Rxd1+ 21. Rxd1
Qxc5 22. Qb3 Nf6 23. Rc1 Qd4 24. Be3 Qd3 25. Qb6 Ng4 26. Bd4 Qd2 27. Ra1 c5 28Bxc5 Ne5 29. Be3 Qc2 30. Bd4 Nc4 31. Qc7 Rc8 32. Qa7 Rd8 33. Bxg7 Kxg7 34. Qxa6
Rd2 35. Qa7 Qxb2 36. Rf1 Rc2 37. h4 Qe5 38. Rd1 Ra2 39. Rd4 Ne3 40. Rd7 Qa1+
41. Kh2 Ng4+ 42. Kh3 Nxf2+ 43. Kh2 Ng4+ 44. Kh3 Ne5 45. Rb7 Qd1 46. Qb8 Qg4+
47. Kh2 Nf3+ 48. Kh1 Qh3+ 0-1

[Event "Gibtelecom Masters 8th"]
[Site "Gibraltar"]
[Date "2010.02.04"]
[Round "10.7"]
[White "Javakhishvili, Lela"]
[Black "Sandipan, Chanda"]
[Result "0-1"]
[WhiteElo "2493"]
[BlackElo "2622"]
[PlyCount "112"]
[EventDate "2010.01.26"]
[EventType "swiss"]
[EventRounds "10"]
[EventCountry "GGB"]
[SourceDate "2005.02.07"]

1. d4 d6 2. Nf3 f5 3. Nc3 Nf6 4. Bg5 d5 5. Bxf6 exf6 6. e3 Be6 7. Bd3 Nc6 8. a3
Qd7 9. b3 Bd6 10. Ne2 Ne7 11. h4 b6 12. c4 O-O 13. Qc2 c6 14. Nc3 Rac8 15. O-h6 16. cxd5 cxd5 17. Ba6 Rcd8 18. Bb5 Qb7 19. Qe2 g5 20. Ba6 Qd7 21. Bb5 Qc7
22. Rfc1 Qb8 23. Bd3 g4 24. Ne1 Ng6 25. h5 Nh8 26. Qc2 f4 27. e4 dxe4 28. Bxe4
f5 29. Bd5 Bxd5 30. Nxd5 Qb7 31. Qc6 Qg7 32. Qc4 Nf7 33. Nd3 g3 34. N3xf4 gxf2+
35. Kf1 Bxf4 36. Nxf4 Rxd4 37. Qc7 Re8 38. Ra2 Qg4 39. Re2 Rde4 40. Rxf2 Qg3
41. Ne2 Qg5 42. Qg3 Rg4 43. Qf3 Rh4 44. g4 Ne5 45. Qd5+ Kh8 46. Rxf5 Qe3 47Rc7 Nxg4 48. Qg2 Qd2 49. Kg1 Qe3+ 50. Kf1 Rh1+ 51. Qxh1 Qxe2+ 52. Kg1 Qd1+ 53Rf1 Qd4+ 54. Kg2 Ne3+ 55. Kh3 Qg4+ 56. Kh2 Qh4+ 0-1

[Event "Gibtelecom Masters 8th"]
[Site "Gibraltar"]
[Date "2010.02.04"]
[Round "10.8"]
[White "Boskovic, Drasko"]
[Black "Koneru, Humpy"]
[Result "1/2-1/2"]
[WhiteElo "2454"]
[BlackElo "2614"]
[PlyCount "173"]
[EventDate "2010.01.26"]
[EventType "swiss"]
[EventRounds "10"]
[EventCountry "GGB"]
[SourceDate "2005.02.07"]

1. d4 g6 2. e4 Bg7 3. Nc3 a6 4. a4 d6 5. h3 Nd7 6. g3 c5 7. Nge2 b6 8. Bg2 Rb8
9. O-O Bb7 10. Bg5 cxd4 11. Nxd4 h6 12. Be3 Ngf6 13. Nd5 e5 14. Ne2 Nxd5 15exd5 O-O 16. Qd2 Kh7 17. c4 a5 18. Nc3 f5 19. Ra3 Rc8 20. Nb5 Qf6 21. Qe2 f4
22. Bd2 Nc5 23. b4 axb4 24. Bxb4 Ba6 25. Kh2 Rf7 26. Bxc5 Rxc5 27. Be4 Bc8 28g4 Bf8 29. Rg1 Qd8 30. Nc3 Be7 31. Bf3 Bd7 32. Nb5 Qc8 33. Na7 Qa6 34. Nc6 Qxc4
35. Re1 Bf6 36. Qxc4 Rxc4 37. Re2 Bc8 38. a5 bxa5 39. Rxa5 Rc3 40. Kg2 Rb7 41Ra8 Bd7 42. Rea2 h5 43. R2a7 Bxc6 44. dxc6 Rxa7 45. Rxa7+ Kh6 46. Rd7 hxg4 47hxg4 e4 48. Bxe4 Be5 49. Bd5 Kg5 50. f3 Rc2+ 51. Kf1 Bc3 52. Be4 Rc1+ 53. Ke2
Be5 54. Re7 Kf6 55. Re8 Kf7 56. Rd8 Ke6 57. Rg8 d5 58. Rxg6+ Kf7 59. Bf5 Bf6
60. Rh6 Ke7 61. Bd7 Rc2+ 62. Kd1 Rc3 63. Rh7+ Kd6 64. Rf7 Be5 65. g5 Rxf3 66g6 Rg3 67. Be8 Rg1+ 68. Ke2 f3+ 69. Rxf3 Ke7 70. Re3 Kxe8 71. Rxe5+ Kd8 72. Re6
Kc7 73. Rf6 d4 74. Kd3 Rg4 75. Kc4 Kb6 76. Re6 Kc7 77. Rf6 Kb6 78. Kd3 Kc7 79Ke2 Rg5 80. Re6 Rg1 81. Rf6 Rg5 82. Kd3 Rg4 83. Kc4 Kb6 84. Re6 Kc7 85. Kc5 d3
86. Re7+ Kc8 87. Rd7 1/2-1/2

[Event "Gibtelecom Masters 8th"]
[Site "Gibraltar"]
[Date "2010.02.04"]
[Round "10.9"]
[White "Gopal, Geetha Narayanan"]
[Black "Stefanova, Antoaneta"]
[Result "1-0"]
[WhiteElo "2584"]
[BlackElo "2545"]
[PlyCount "163"]
[EventDate "2010.01.26"]
[EventType "swiss"]
[EventRounds "10"]
[EventCountry "GGB"]
[SourceDate "2005.02.07"]

1. e4 e5 2. Nf3 Nc6 3. Bb5 a6 4. Ba4 Nf6 5. O-O Be7 6. Re1 b5 7. Bb3 O-O 8. h3
d6 9. c3 Bb7 10. d4 Re8 11. Nbd2 Bf8 12. d5 Nb8 13. Nf1 Nbd7 14. Ng3 Nc5 15Bc2 c6 16. b4 Ncd7 17. dxc6 Bxc6 18. Bb3 Nb6 19. Nh2 h6 20. Qf3 Nc4 21. Ng4
Nxg4 22. Qxg4 Bd7 23. Nf5 Kh7 24. Bxc4 bxc4 25. Qf3 Qf6 26. Rd1 Rad8 27. a4
Bxf5 28. Qxf5+ Qxf5 29. exf5 d5 30. Be3 d4 31. cxd4 exd4 32. Rxd4 Rxd4 33. Bxd4
Bxb4 34. Rc1 Re4 35. Bc3 Bc5 36. Kf1 Rf4 37. f3 Be3 38. Rd1 Rxf5 39. Rd6 a5 40Rc6 Rd5 41. Rxc4 Bb6 42. Ke2 h5 43. Re4 f6 44. Re7 Kg6 45. g4 hxg4 46. hxg4 Bd4
47. Bd2 Kh7 48. Rb7 Be5 49. Ra7 Rd4 50. Rxa5 Bf4 51. Bc3 Rd8 52. Rf5 Re8+ 53Kf1 Be3 54. Rd5 Kg6 55. a5 Rc8 56. Be1 Rc6 57. Ke2 Bg1 58. Kf1 Be3 59. Rb5 Ba7
60. Rb7 Bd4 61. Rd7 Rc4 62. Ke2 Ra4 63. Kd3 Be5 64. Bd2 f5 65. Rd5 Kf6 66. f4
Bc7 67. Rc5 Bd6 68. Rxf5+ Ke6 69. Ke2 g6 70. Rb5 Bxf4 71. Rb4 Rxb4 72. Bxb4 Kd5
73. Kd3 Bb8 74. Bd2 Bc7 75. a6 Kc6 76. a7 Kb7 77. Be3 Bg3 78. Ke4 Bc7 79. Kd5
g5 80. Bxg5 Kxa7 81. Be3+ Kb7 82. g5 1-0

[Event "Gibtelecom Masters 8th"]
[Site "Gibraltar"]
[Date "2010.02.04"]
[Round "10.10"]
[White "Kapnisis, Spyridon"]
[Black "Cheparinov, Ivan"]
[Result "0-1"]
[WhiteElo "2510"]
[BlackElo "2660"]
[PlyCount "110"]
[EventDate "2010.01.26"]
[EventType "swiss"]
[EventRounds "10"]
[EventCountry "GGB"]
[SourceDate "2005.02.07"]

1. e4 e5 2. Nf3 Nc6 3. Bc4 Bc5 4. c3 Nf6 5. d3 O-O 6. O-O d5 7. exd5 Nxd5 8Re1 Bg4 9. h3 Bh5 10. Nbd2 Nb6 11. Bb5 Bd6 12. Ne4 f5 13. Ng3 Bxf3 14. Qxf3 Qd7
15. Bxc6 bxc6 16. c4 Rae8 17. b3 Bc5 18. Qe2 e4 19. Bb2 e3 20. f4 Bd4 21. Bxd4
Qxd4 22. Rf1 Nd7 23. Rae1 Re6 24. Rf3 g6 25. Nf1 Rfe8 26. b4 Qc3 27. Rxe3 Rxe3
28. Nxe3 Qxb4 29. Kh2 Nc5 30. Rd1 Qc3 31. Qf3 Re6 32. Nf1 Qd4 33. Kh1 a5 34Kh2 a4 35. Rd2 Rd6 36. Ng3 Nxd3 37. Qe2 Kf7 38. c5 Rd5 39. a3 h5 40. h4 Qc4 41Nxh5 Qc3 42. Nf6 Qxf6 43. Rxd3 Qxh4+ 44. Kg1 Qxf4 45. Rxd5 cxd5 46. Qb5 Ke7 47Qc6 d4 48. Qxg6 Qc1+ 49. Kh2 Qxc5 50. Qg7+ Ke6 51. Qg8+ Ke5 52. Qe8+ Kd5 53Qg8+ Ke4 54. Qa8+ Ke3 55. Qe8+ Kf2 0-1

[Event "Gibtelecom Masters 8th"]
[Site "Gibraltar"]
[Date "2010.02.04"]
[Round "10.11"]
[White "Istratescu, Andrei"]
[Black "Krush, Irina"]
[Result "1-0"]
[WhiteElo "2607"]
[BlackElo "2455"]
[PlyCount "93"]
[EventDate "2010.01.26"]
[EventType "swiss"]
[EventRounds "10"]
[EventCountry "GGB"]
[SourceDate "2005.02.07"]

1. e4 c6 2. d4 d5 3. e5 Bf5 4. Be3 e6 5. Nd2 Nd7 6. f4 c5 7. Ngf3 Qb6 8. Bd3
Nh6 9. O-O c4 10. Bxf5 Nxf5 11. Bf2 Qxb2 12. Rb1 Qa3 13. Rxb7 Qa6 14. Rb1 Ba3
15. Nh4 O-O 16. Nxf5 exf5 17. Qf3 Nb6 18. Qh3 g6 19. Nf3 Rfe8 20. g4 fxg4 21Qxg4 Qc8 22. f5 Qxf5 23. Qxf5 gxf5 24. Bg3 Nc8 25. Nh4 Ne7 26. Nxf5 Nxf5 27Rxf5 Rab8 28. Rbf1 Bb2 29. Rg5+ Kh8 30. Rg4 Rg8 31. Rh4 Rb7 32. Rf6 Rg6 33. Rd6
Rxd6 34. exd6 f6 35. Kg2 Kg7 36. Rh5 Bxd4 37. Rxd5 Bb6 38. Rb5 Rb8 39. a4 Rd8
40. a5 Bd4 41. Kf3 Be5 42. Rb7+ Kf8 43. Bxe5 fxe5 44. d7 a6 45. Ke4 Ke7 46Kxe5 Rg8 47. d8=Q+ 1-0

[Event "Gibtelecom Masters 8th"]
[Site "Gibraltar"]
[Date "2010.02.04"]
[Round "10.12"]
[White "Hoffmann, Michael"]
[Black "Felgaer, Ruben"]
[Result "1-0"]
[WhiteElo "2508"]
[BlackElo "2591"]
[PlyCount "77"]
[EventDate "2010.01.26"]
[EventType "swiss"]
[EventRounds "10"]
[EventCountry "GGB"]
[SourceDate "2005.02.07"]

1. e4 c5 2. Nf3 e6 3. c3 Nf6 4. e5 Nd5 5. d4 cxd4 6. cxd4 d6 7. Bc4 Nb6 8. Bd3
dxe5 9. dxe5 Bd7 10. O-O Bc6 11. Qe2 N8d7 12. Nc3 Be7 13. Be4 O-O 14. Rd1 Qc7
15. h4 h6 16. Bf4 Bxe4 17. Qxe4 Nc5 18. Qe2 Rfd8 19. Nd4 Nd5 20. Nxd5 Rxd5 21Nb5 Rxd1+ 22. Rxd1 Qa5 23. Nd6 Bxd6 24. exd6 Nd7 25. Rc1 Qa4 26. Bg3 Rd8 27. b3
Qd4 28. Qf3 e5 29. Qxb7 Nf6 30. Qe7 Re8 31. Qc7 Ne4 32. d7 Rf8 33. Rc4 Qd1+ 34Kh2 f5 35. Rxe4 fxe4 36. Bxe5 Qg4 37. Bg3 Qd1 38. Bd6 e3 39. d8=Q 1-0

[Event "Gibtelecom Masters 8th"]
[Site "Gibraltar"]
[Date "2010.02.04"]
[Round "10.13"]
[White "Halkias, Stelios"]
[Black "Vernay, Clovis"]
[Result "1-0"]
[WhiteElo "2566"]
[BlackElo "2442"]
[PlyCount "111"]
[EventDate "2010.01.26"]
[EventType "swiss"]
[EventRounds "10"]
[EventCountry "GGB"]
[SourceDate "2005.02.07"]

1. c4 e5 2. Nc3 Nf6 3. Nf3 Nc6 4. e3 Be7 5. a3 h6 6. Qc2 a5 7. b3 O-O 8. Bb2 d6
9. Be2 Re8 10. O-O Bf8 11. d3 Bf5 12. Rac1 Nb8 13. Ne4 Nbd7 14. b4 c6 15. Bc3
axb4 16. axb4 Bg6 17. Ng3 b5 18. cxb5 cxb5 19. Qb3 Nh5 20. Ra1 Qc7 21. Nh4 Rxa1
22. Bxa1 Nxg3 23. fxg3 Kh7 24. Nxg6 fxg6 25. d4 Rb8 26. Qf7 Qd8 27. Bg4 Be7 28Bxd7 Qxd7 29. dxe5 Rf8 30. Qxg7+ Kxg7 31. e6+ Kg8 32. exd7 Rxf1+ 33. Kxf1 Kf7
34. g4 Ke6 35. Ke2 Kxd7 36. Bg7 d5 37. Bxh6 Bxb4 38. Kd3 Be7 39. Bg7 Ke6 40Bc3 Bd6 41. h3 Bg3 42. Ba5 Be5 43. Bb6 Bg3 44. Bd8 Be1 45. Bc7 Kd7 46. Bf4 Ke6
47. g3 b4 48. Kc2 d4 49. exd4 Kd5 50. Be5 g5 51. Kb3 Ke4 52. Kc4 Kf3 53. d5 b3
54. d6 Kg2 55. d7 Ba5 56. h4 1-0

[Event "Gibtelecom Masters 8th"]
[Site "Gibraltar"]
[Date "2010.02.04"]
[Round "10.14"]
[White "Lemos, Damian"]
[Black "Dworakowska, Joanna"]
[Result "1/2-1/2"]
[WhiteElo "2556"]
[BlackElo "2374"]
[PlyCount "101"]
[EventDate "2010.01.26"]
[EventType "swiss"]
[EventRounds "10"]
[EventCountry "GGB"]
[SourceDate "2005.02.07"]

1. d4 f5 2. g3 Nf6 3. Bg2 g6 4. Nf3 Bg7 5. O-O O-O 6. c4 d6 7. Nc3 Nc6 8. d5
Na5 9. Qa4 b6 10. Nd4 Bd7 11. Qc2 Nxc4 12. Ne6 Bxe6 13. dxe6 c6 14. Bxc6 Rc8
15. Bb7 Rc7 16. Bg2 Qc8 17. Rb1 Qxe6 18. Qb3 Ne4 19. Nb5 Rd7 20. Rd1 Qf7 21Qa4 a6 22. Nd4 e5 23. Nf3 h6 24. Qxa6 Ra7 25. Qb5 Rxa2 26. Nd2 Ncxd2 27. Bxd2
d5 28. Bb4 Rd8 29. Ba3 Rxa3 30. bxa3 Nc3 31. Qxb6 Rd7 32. e3 Nxd1 33. Rxd1 Kh7
34. a4 e4 35. a5 d4 36. exd4 Qc4 37. Bf1 Qc2 38. Qb1 Qxb1 39. Rxb1 Bxd4 40. a6
Ba7 41. Bc4 Kg7 42. Kf1 Kf6 43. Rb7 Rxb7 44. axb7 Ke5 45. h4 g5 46. hxg5 hxg5
47. Ke2 f4 48. gxf4+ Kxf4 49. Bg8 g4 50. Bh7 g3 51. fxg3+ 1/2-1/2

[Event "Gibtelecom Masters 8th"]
[Site "Gibraltar"]
[Date "2010.02.04"]
[Round "10.15"]
[White "Cori Tello, Jorge"]
[Black "Malakhatko, Vadim"]
[Result "0-1"]
[WhiteElo "2483"]
[BlackElo "2549"]
[PlyCount "90"]
[EventDate "2010.01.26"]
[EventType "swiss"]
[EventRounds "10"]
[EventCountry "GGB"]
[SourceDate "2005.02.07"]

1. e4 e6 2. d4 d5 3. e5 c5 4. c3 Qb6 5. a3 Nc6 6. Nf3 Nh6 7. b4 cxd4 8. cxd4
Nf5 9. Bb2 Bd7 10. g4 Nh6 11. h3 f6 12. exf6 gxf6 13. Nc3 Nf7 14. Na4 Qc7 15Rc1 Qf4 16. Rc3 b6 17. Re3 Bh6 18. Bd3 Qd6 19. Re2 Ne7 20. Nc3 Rc8 21. Qb1 Qf4
22. Re3 Kf8 23. Rg1 Qb8 24. Re2 Bf4 25. Rc2 h5 26. gxh5 Rxh5 27. h4 Rh8 28. Ne2
Rxc2 29. Qxc2 Bd6 30. Kf1 Nh6 31. h5 Nhf5 32. Rh1 Qe8 33. h6 Rxh6 34. Rxh6 Nxh6
35. Ng3 Nhf5 36. Nxf5 Nxf5 37. Qe2 Qh5 38. Ng1 Qg5 39. Nf3 Qf4 40. Bc3 Qc1+ 41Qe1 Qxa3 42. Qd2 Ke8 43. Kg2 Kd8 44. Ne1 Ne7 45. Nc2 Qb3 0-1

[Event "Gibtelecom Masters 8th"]
[Site "Gibraltar"]
[Date "2010.02.04"]
[Round "10.16"]
[White "Sarkar, Justin"]
[Black "Naumann, Alexander"]
[Result "1/2-1/2"]
[WhiteElo "2378"]
[BlackElo "2525"]
[PlyCount "96"]
[EventDate "2010.01.26"]
[EventType "swiss"]
[EventRounds "10"]
[EventCountry "GGB"]
[SourceDate "2005.02.07"]

1. d4 Nf6 2. c4 e6 3. Nc3 Bb4 4. Qc2 O-O 5. a3 Bxc3+ 6. Qxc3 d5 7. Bg5 dxc4 8Qxc4 b6 9. Rd1 Ba6 10. Qc2 Nbd7 11. e4 Bxf1 12. Kxf1 Qc8 13. Ne2 Qb7 14. f3
Rac8 15. Nc3 c5 16. dxc5 Rxc5 17. Qd2 Rfc8 18. Kf2 b5 19. Bxf6 Nxf6 20. Qd8+
Ne8 21. Qa5 a6 22. Rhe1 R5c6 23. Re2 Qb8 24. e5 h6 25. Rd7 R8c7 26. Rxc7 Nxc7
27. Qb4 Qb6+ 28. Kf1 Nd5 29. Nxd5 exd5 30. Qd2 Rc4 31. g3 Rd4 32. Qc2 Rc4 33Qd2 Qc5 34. Kg2 Rc1 35. Kh3 Qc4 36. e6 fxe6 37. Rxe6 Qc8 38. g4 Qxe6 39. Qxc1
d4 40. Kg3 d3 41. Qd2 Qd6+ 42. Kf2 Qd4+ 43. Kf1 a5 44. Qc3 Qd7 45. Kf2 Qa7+ 46Kf1 Qd7 47. Kf2 Qa7+ 48. Kf1 Qd7 1/2-1/2

[Event "Gibtelecom Masters 8th"]
[Site "Gibraltar"]
[Date "2010.02.04"]
[Round "10.17"]
[White "Avalos Parra, Joao"]
[Black "Speelman, Jonathan"]
[Result "0-1"]
[WhiteElo "2245"]
[BlackElo "2535"]
[PlyCount "144"]
[EventDate "2010.01.26"]
[EventType "swiss"]
[EventRounds "10"]
[EventCountry "GGB"]
[SourceDate "2005.02.07"]

1. d4 Nf6 2. c4 e6 3. Nf3 c5 4. g3 cxd4 5. Nxd4 Bb4+ 6. Bd2 Be7 7. Bg2 Nc6 8Nb3 O-O 9. O-O d6 10. Bf4 e5 11. Bg5 Be6 12. Bxf6 Bxf6 13. N1d2 a5 14. Ne4 Bxc4
15. Qxd6 Be7 16. Qxd8 Rfxd8 17. Nc3 a4 18. Nc1 Be6 19. Nd3 f6 20. Rfc1 Kf7 21Nb5 Rac8 22. Kf1 Na5 23. Nc3 Rc4 24. f4 exf4 25. Nxf4 Rb4 26. Ncd5 Rxb2 27Nxe7 Kxe7 28. Rc7+ Bd7 29. Rd1 Rb5 30. Bh3 f5 31. e4 g6 32. Nd5+ Kd6 33. Rxd7+
Kxd7 34. Nc3+ Ke7 35. Rxd8 Rb2 36. Rd4 b5 37. exf5 gxf5 38. Bxf5 Nc4 39. Bxh7
a3 40. Rd3 b4 41. Nd5+ Kf8 42. Kg1 b3 43. axb3 Ne5 44. Rc3 a2 45. Rc8+ Kg7 46Rc7+ Kh6 47. Ra7 Nf3+ 48. Kf1 Nxh2+ 49. Kg1 Nf3+ 50. Kf1 Nd2+ 51. Ke1 Nxb3 52Nc3 a1=Q+ 53. Rxa1 Nxa1 54. Bf5 Kg5 55. Bd7 Nb3 56. Ne4+ Kg6 57. Nf2 Nd4 58Nd3 Nf3+ 59. Kf1 Rd2 60. Nf4+ Kf6 61. Bg4 Ng5 62. Ke1 Ra2 63. Ne2 Ne4 64. Kf1
Ra3 65. Kg2 Re3 66. Bf3 Ke5 67. Nf4 Ng5 68. Bd1 Ra3 69. Bg4 Ke4 70. Kf2 Ra2+
71. Ne2 Kd3 72. Bf5+ Ne4+ 0-1

[Event "Gibtelecom Masters 8th"]
[Site "Gibraltar"]
[Date "2010.02.04"]
[Round "10.18"]
[White "Ivanov, Stojan Emilov"]
[Black "Guliyev, Namig"]
[Result "0-1"]
[WhiteElo "2198"]
[BlackElo "2516"]
[PlyCount "104"]
[EventDate "2010.01.26"]
[EventType "swiss"]
[EventRounds "10"]
[EventCountry "GGB"]
[SourceDate "2005.02.07"]

1. Nf3 Nf6 2. d4 d5 3. c4 dxc4 4. e3 a6 5. Bxc4 e6 6. O-O Nbd7 7. Nc3 b5 8. Be2
Bb7 9. b3 Bd6 10. Bb2 O-O 11. Rc1 Qe7 12. a4 b4 13. Nb1 c5 14. Nbd2 Rac8 15Nc4 Bc7 16. Nfe5 Rfd8 17. Nxd7 Rxd7 18. Bf3 Nd5 19. Qe2 cxd4 20. Bxd4 f6 21. a5
Rcd8 22. Nb6 Nf4 23. exf4 Bxf3 24. Qxf3 Rxd4 25. g3 Rd3 26. Qb7 Bd6 27. Qxa6
Rxb3 28. Qc4 Ra3 29. f5 Rxa5 30. Nc8 Qe8 31. fxe6 Rc5 32. Nxd6 Rxc4 33. Nxe8
Rxc1 34. Nxf6+ gxf6 35. Rxc1 b3 36. Rb1 Rb8 37. Kf1 Kf8 38. f4 Ke7 39. f5 h5
40. Kg2 b2 41. g4 hxg4 42. Kg3 Rb4 43. Kh4 Kf8 44. Kh5 Kg7 45. Kh4 Kf8 46. Kh5
Ke7 47. Kh4 Ke8 48. Kh5 Ke7 49. h4 gxh3 50. Kg6 h2 51. Kg7 Rg4+ 52. Kh7 Rg1 0-1

[Event "Gibtelecom Masters 8th"]
[Site "Gibraltar"]
[Date "2010.02.04"]
[Round "10.19"]
[White "Houska, Jovanka"]
[Black "Edouard, Romain"]
[Result "1/2-1/2"]
[WhiteElo "2401"]
[BlackElo "2608"]
[PlyCount "128"]
[EventDate "2010.01.26"]
[EventType "swiss"]
[EventRounds "10"]
[EventCountry "GGB"]
[SourceDate "2005.02.07"]

1. d4 Nf6 2. Nf3 c5 3. d5 b5 4. Bg5 d6 5. Bxf6 exf6 6. e4 a6 7. a4 b4 8. Nbd2
g6 9. Bd3 Bg7 10. Nc4 Qc7 11. a5 Nd7 12. O-O O-O 13. Qc1 Ra7 14. c3 Re8 15. Rd1
Qb8 16. h3 Bb7 17. Qf4 Ne5 18. Nfxe5 fxe5 19. Qd2 bxc3 20. bxc3 Bf6 21. Rdb1
Bd8 22. Rb3 Bc7 23. Rab1 Qc8 24. Qe2 f5 25. Qc2 fxe4 26. Bxe4 Kg7 27. Bf3 Ba8
28. Be4 Qd8 29. Qa2 Qd7 30. f3 Qf7 31. Qd2 Qe7 32. Kh2 Qd8 33. Qa2 Qd7 34. g3
Rd8 35. h4 Qe8 36. Qc2 Kh8 37. Kg2 Qf7 38. Qd2 Rg8 39. Qg5 Kg7 40. Qd2 Kh8 41R3b2 Qe7 42. Qh6 Qf7 43. Qg5 Rf8 44. h5 gxh5 45. Ne3 Rg8 46. Qh6 Qg7 47. Qxh5
Bxa5 48. Rh1 Bxc3 49. Nf5 Qg5 50. Qxg5 Rxg5 51. Rb6 a5 52. Nxd6 Bd2 53. Bxh7
Rxh7 54. Nf7+ Kg7 55. Rxh7+ Kxh7 56. Nxg5+ Bxg5 57. d6 a4 58. d7 Bd5 59. Rd6
Bb3 60. d8=Q Bxd8 61. Rxd8 a3 62. Ra8 a2 63. Kf2 c4 64. Ke3 c3 1/2-1/2

[Event "Gibtelecom Masters 8th"]
[Site "Gibraltar"]
[Date "2010.02.04"]
[Round "10.20"]
[White "Reizniece, Dana"]
[Black "Lopez Martinez, Josep Manu"]
[Result "1-0"]
[WhiteElo "2341"]
[BlackElo "2593"]
[PlyCount "115"]
[EventDate "2010.01.26"]
[EventType "swiss"]
[EventRounds "10"]
[EventCountry "GGB"]
[SourceDate "2005.02.07"]

1. c4 g6 2. g3 Bg7 3. Bg2 Nf6 4. Nf3 O-O 5. O-O d6 6. d4 Nbd7 7. Nc3 e5 8. e4
Re8 9. h3 exd4 10. Nxd4 a6 11. Re1 Rb8 12. Be3 c5 13. Nc2 Ne5 14. b3 Nc6 15. a4
Be6 16. Nd5 Na5 17. Rb1 Nxd5 18. exd5 Bd7 19. Bd2 Rxe1+ 20. Qxe1 Nxb3 21. Rxb3
Bxa4 22. Qb1 Bxb3 23. Qxb3 b5 24. cxb5 axb5 25. Bf1 Qb6 26. Be3 Qa5 27. Bf4 Rb6
28. Na3 c4 29. Qe3 Bf6 30. Kh2 Qa6 31. Qe8+ Kg7 32. Nc2 Qb7 33. Ne3 h5 34. Bxc4
bxc4 35. Nxc4 Rb1 36. Qe4 Rf1 37. Nxd6 Qb2 38. Be3 Be5 39. Nc4 Bxg3+ 40. Kxg3
Qb1 41. Bd4+ Kf8 42. Bc5+ Kg7 43. Qxb1 Rxb1 44. d6 Rd1 45. Nb6 Kf6 46. d7 Ke6
47. Kf3 f6 48. Ke2 Rxd7 49. Nxd7 Kxd7 50. Kf3 Ke6 51. Bb6 Kf5 52. Bd8 Ke5 53Kg3 Kf5 54. f3 g5 55. h4 gxh4+ 56. Kg2 Kf4 57. Bc7+ Ke3 58. f4 1-0

[Event "Gibtelecom Masters 8th"]
[Site "Gibraltar"]
[Date "2010.02.04"]
[Round "10.21"]
[White "Bhat, Vinay S"]
[Black "Tania, Sachdev"]
[Result "1-0"]
[WhiteElo "2540"]
[BlackElo "2398"]
[PlyCount "87"]
[EventDate "2010.01.26"]
[EventType "swiss"]
[EventRounds "10"]
[EventCountry "GGB"]
[SourceDate "2005.02.07"]

1. c4 e5 2. Nc3 Nf6 3. Nf3 Nc6 4. e4 Bc5 5. Nxe5 Nxe5 6. d4 Bb4 7. dxe5 Nxe4 8Qf3 d5 9. Be2 Be6 10. O-O Bxc3 11. bxc3 c6 12. cxd5 Qxd5 13. Bf4 f5 14. Rab1
O-O-O 15. Qe3 Qa5 16. Rfc1 g5 17. Bxg5 Nxg5 18. Qxg5 Qxe5 19. Bf3 Rhg8 20. Qh4
Bxa2 21. Ra1 Bd5 22. Bxd5 Qxd5 23. g3 Kb8 24. Qf4+ Ka8 25. Qc7 a6 26. c4 Qc5
27. Rcb1 Qa7 28. Ra5 f4 29. Qxf4 Rgf8 30. Rf5 Rxf5 31. Qxf5 h6 32. Qh7 Rf8 33c5 Rd8 34. Rc1 Qb8 35. Qxh6 Qe5 36. Qe3 Qb2 37. Kg2 Rd2 38. Rh1 a5 39. h4 a4
40. h5 a3 41. Rh4 Kb8 42. Ra4 Rd5 43. Qe8+ Kc7 44. Ra8 1-0